Tvorba prostredia pre znevýhodnené skupiny v územnej samospráve diplomová práca

Gespeichert in:
Bibliographische Detailangaben
1. Verfasser: Barcziová, Radka
Körperschaft: Národohospodárska fakulta EU. Katedra verejnej správy a regionálneho rozvoja
Weitere Verfasser: Žárska, Elena, 1955-
Format: Buch
Sprache:Slowakisch
Veröffentlicht: Bratislava 2015
Tags: Tag hinzufügen
Keine Tags, Fügen Sie das erste Tag hinzu!

MARC

LEADER 00000nbm a2200000 4500
001 0202459
005 20161212095141.8
041 0 |a slo 
044 |a SK 
245 1 0 |a Tvorba prostredia pre znevýhodnené skupiny v územnej samospráve  |b diplomová práca  |c Radka Barcziová ; školiteľ: Elena Žárska 
264 1 |a Bratislava  |c 2015 
300 |a 61 s. 
100 1 |a Barcziová, Radka 
700 1 |a Žárska, Elena, 1955- 
710 2 |a Národohospodárska fakulta EU. Katedra verejnej správy a regionálneho rozvoja